<?xml version="1.0" encoding="UTF-8"?>
<record
    xmlns:xsi="http://www.w3.org/2001/XMLSchema-instance"
    xsi:schemaLocation="http://www.loc.gov/MARC21/slim http://www.loc.gov/standards/marcxml/schema/MARC21slim.xsd"
    xmlns="http://www.loc.gov/MARC21/slim">

  <leader>01097namaa22002051ia4500</leader>
  <controlfield tag="003">OSt</controlfield>
  <controlfield tag="005">20250221143805.0</controlfield>
  <controlfield tag="008">250210b2010    dr ar|js t|||o00| z1spa d</controlfield>
  <datafield tag="040" ind1=" " ind2=" ">
    <subfield code="a">CGID0019</subfield>
    <subfield code="b">spa</subfield>
    <subfield code="c">CGID00119</subfield>
    <subfield code="e">rda</subfield>
  </datafield>
  <datafield tag="082" ind1="0" ind2="4">
    <subfield code="a">IDEICE RD 371.3 I59mi 2010</subfield>
    <subfield code="2">21</subfield>
  </datafield>
  <datafield tag="110" ind1=" " ind2=" ">
    <subfield code="a">Instituto Dominicano de Evaluaci&#xF3;n e Investigaci&#xF3;n de la Calidad Educativa</subfield>
  </datafield>
  <datafield tag="245" ind1=" " ind2=" ">
    <subfield code="a">Memoria</subfield>
    <subfield code="b"> IDEICE 2010</subfield>
  </datafield>
  <datafield tag="260" ind1=" " ind2=" ">
    <subfield code="a">Santo Domingo :</subfield>
    <subfield code="b">IDEICE</subfield>
    <subfield code="c">2011</subfield>
  </datafield>
  <datafield tag="300" ind1=" " ind2=" ">
    <subfield code="a">29p.</subfield>
  </datafield>
  <datafield tag="310" ind1=" " ind2=" ">
    <subfield code="a">Anual</subfield>
  </datafield>
  <datafield tag="362" ind1=" " ind2=" ">
    <subfield code="a">2011</subfield>
  </datafield>
  <datafield tag="505" ind1=" " ind2=" ">
    <subfield code="a">La memoria de una instituci&#xF3;n se constituye en la oportunidad para dejar plasmadas las realizaciones y logros del desempe&#xF1;o que hayan tenido, en la ejecuci&#xF3;n de su propuesta program&#xE1;tica. Por lo tanto, la Memoria IDEICE 2010 cumple con el prop&#xF3;sito de rendir cuentas al pa&#xED;s y sus organizaciones, as&#xED; como al p&#xFA;blico interesado, de las realizaciones alcanzadas en este a&#xF1;o del 2010 con los fondos que fueron destinados para la realizaci&#xF3;n de sus actividades enmarcadas en los diferentes programas institucionales.</subfield>
  </datafield>
  <datafield tag="650" ind1=" " ind2=" ">
    <subfield code="a"> Memorias institucionales</subfield>
  </datafield>
  <datafield tag="942" ind1=" " ind2=" ">
    <subfield code="2">ddc</subfield>
    <subfield code="c">REV</subfield>
    <subfield code="n">0</subfield>
  </datafield>
  <datafield tag="999" ind1=" " ind2=" ">
    <subfield code="c">12491</subfield>
    <subfield code="d">12491</subfield>
  </datafield>
  <datafield tag="952" ind1=" " ind2=" ">
    <subfield code="0">0</subfield>
    <subfield code="1">0</subfield>
    <subfield code="2">ddc</subfield>
    <subfield code="4">0</subfield>
    <subfield code="7">0</subfield>
    <subfield code="a">RI</subfield>
    <subfield code="b">RI</subfield>
    <subfield code="d">2025-02-10</subfield>
    <subfield code="l">0</subfield>
    <subfield code="o">IDEICE RD 371.3 I59mi 2010</subfield>
    <subfield code="r">2025-02-10 15:49:49</subfield>
    <subfield code="u">https://ideice.gob.do/documentacion/publicaciones-id-p1-66-memoria-ideice-2010</subfield>
    <subfield code="w">2025-02-10</subfield>
    <subfield code="y">REV</subfield>
  </datafield>
</record>
